Представление документа в формате RUSMARC

ПолеНазваниеЗначение
  Тип записи a
  Библиографический уровень a
001 Контрольный номер RU/CBS_UL/BASE/712847342
005 Дата корректировки 20250124000049.7
100 Данные общей обработки __
a Данные общей обработки 20220803d2022 ||| 0rusy0189 ca
101 Язык документа 0_
a Язык текста rus
102 Страна публикации __
a Страна публикации RU
105 Кодированные данные (монография) __
a Кодированные данные (монография) y###||||000|y
181 Поле кодированных данных: вид содержания _1
a Код вида содержания (ISBD) i#
b Код характеристики содержания (ISBD) #xxe##
d i
g x
h x
i e
2 Код системы (источник кода, отличный от ISBD) isbdcontent
182 Поле кодированных данных: тип средства _1
a Код типа средства (ISBD) n
2 Код системы (источник кода, отличный от ISBD) isbdmedia
200 Заглавие и сведения об ответственности 1_
a Заглавие "Lost" 1937 года
b Общее обозначение материала Текст
e Сведения, относящиеся к заглавию [беседа с почётным полярником России, действительным членом Русского географического общества В. Чуковым о таинственном исчезновении в 1937 г. самолёта ТБ-А под управлением лётчика С. Леваневского]
f Первые сведения об ответственности В. Сазонов
w Текст (визуальный) : непосредственный
203 Вид содержания и тип средства __
a Вид содержания Текст
b Характеристика содержания визуальный
c Тип средства непосредственный
333 Примечание о целевом назначении __
a Примечание о целевом назначении 16+
461 Уровень набора _0
1 2000
a Комсомольская правда
463 Уровень физической единицы _0
1 001RU/CBS_UL/BASE/712845114
1 2000
a № 31-т (3-10 августа)
v С. 8 : фот., ил.
1 210
d 2022
600 Персоналии _0
a Персоналии (Фамилия) Леваневский
b Персоналии (Имя, инициалы) С.А.
606 Тематические рубрики 0_
a Основная рубрика История авиации - СССР - 1937 г.
z Хронологическая подрубрика 1937 г.
610 Ключевые слова 0_
a Ключевые слова истории авиации
a Ключевые слова лётчики
a Ключевые слова самолёты
a Ключевые слова пропавшие самолёты
a Ключевые слова катастрофы воздушные
686 Индексы других классификаций __
a Классификационный индекс 39.5г
2 Код системы rubbk
700 Автор _1
a Фамилия Сазонов
b Имя (инициалы) В.
801 Источник записи _0
a Страна RU
b Организация МБУК ЦБС г. Ульяновска
c Дата составления 20220803
g Правила каталогизации RCR
801 Источник записи _1
a Страна RU
b Организация МБУК ЦБС г. Ульяновска
c Дата составления 20220803
g Правила каталогизации RCR
901 Тип документа __
t Тип документа f
w Контрольный № источника RU/CBS_UL/BASE/712845114
910 Корректоры записи __
a Корректор записи Библиотека 1-2
938 Служебная информация __
a Имя БД period